| 000 | 01575cam a2200337 a 4500 | ||
|---|---|---|---|
| 001 | 14619737 | ||
| 005 | 20080128150301.0 | ||
| 008 | 061101s2007 nyua b 001 0 eng | ||
| 010 | _a 2006036575 | ||
| 020 | _a0071478833 (pbk. : alk. paper) | ||
| 020 | _a9780071478830 (pbk. : alk. paper) | ||
| 035 | _a(OCoLC)ocm74988091 | ||
| 035 | _a(OCoLC)74988091 | ||
| 040 |
_aDLC _cDLC _dYDX _dBAKER _dYDXCP _dDLC |
||
| 050 | 0 | 0 |
_aTA350 _b.M36 2007 |
| 082 | 0 | 0 |
_a620.1 _222 _bMCM |
| 100 | 1 |
_aMcMahon, David _q(David M.) _93965 |
|
| 245 | 1 | 0 |
_aStatics and dynamics demystified / _cDavid McMahon. |
| 260 |
_aNew York : _bMcGraw-Hill, _cc2007. |
||
| 300 |
_aviii, 246 p. : _bill. ; _c24 cm. |
||
| 490 | 1 | _aDemystified series | |
| 504 | _aIncludes bibliographical references (p. [237]) and index. | ||
| 650 | 0 |
_aMechanics, Applied. _93966 |
|
| 830 | 0 |
_aMcGraw-Hill "Demystified" series. _93967 |
|
| 856 | 4 | 2 |
_3Contributor biographical information _uhttp://www.loc.gov/catdir/enhancements/fy0703/2006036575-b.html |
| 856 | 4 | 2 |
_3Publisher description _uhttp://www.loc.gov/catdir/enhancements/fy0703/2006036575-d.html |
| 856 | 4 | 1 |
_3Table of contents only _uhttp://www.loc.gov/catdir/enhancements/fy0703/2006036575-t.html |
| 942 |
_2ddc _cBB |
||
| 999 |
_c11361 _d11361 |
||